| 000 | 01260nam a22002177a 4500 | ||
|---|---|---|---|
| 005 | 20210930092558.0 | ||
| 008 | s2548 th tha d | ||
| 040 | _aNALT | ||
| 041 | _atha | ||
| 090 |
_aอศ _bอ686อ 2548 |
||
| 245 | 1 | 0 | _aอนุสรณ์งานพระราชทานเพลิงศพ นายอำนาจ เธียรประมุข สมาชิกวุฒิสภา จังหวัดสุรินทร์ วันอาทิตย์ที่ 28 สิงหาคม 2548 ณ เมรุวัดศาลาลอย (พระอารามหลวง) อ.เมือง จ.สุรินทร์ |
| 260 | 3 |
_aสุรินทร์ : _bม.ป.พ., _c2548 |
|
| 300 |
_a50 หน้า : _bภาพประกอบ, ตาราง ; _c21 ซม. |
||
| 650 | 0 | 4 | _aอำนาจ เธียรประมุข, 2486--2548 |
| 650 | 0 | 4 | _aเป็ดเทศ -- การเลี้ยง |
| 650 | 0 | 4 | _aไก่พื้นบ้าน -- การเลี้ยง |
| 650 | 0 | 4 | _aอำนาจ เธียรประมุข -- ชีวประวัติ |
| 850 | _aNALT | ||
| 856 | 4 | 0 | _uhttps://dl.parliament.go.th/handle/lirt/586295 |
| 942 |
_cCRE _2lcc |
||
| 999 |
_c45837 _d45837 |
||
| 998 |
_j4612 _k วัลยา พุ่มต้นวงค์ |
||